Drag Race entrance quotes - Statistics

General Stats
  • This quiz has been taken 124 times
  • The average score is 8 of 15
Answer Stats
Quote Answer % Correct
"HIEEEEE!" Alaska
96%
"How you doin' mis amores? Do you want to see my cucu?" Cynthia Lee Fontaine
90%
"I'm back, back, back, back again!" Alyssa Edwards
76%
"You know I can hear the cackling from down the street." Jinkx Monsoon
75%
"Thank you." Tatianna
75%
"Orange you girls happy to see me?" Coco Montrese
69%
This isn't Maury Povich?!" Trixie Mattel
55%
"Laissez les bons temps rouler!" Chi Chi DeVayne
43%
"Hiya my honeys, I'm ho-ome!" Mrs Kasha Davis
35%
"Guess who finally decided to crash the party?" Mayhem Miller
32%
"Hey there's a new girl in town! Let's get to business!" Milan
29%
"Hola! The beauty is here." Naysha Lopez
29%
"Hey fake ladies!" Pandora Boxx
28%
"Well guys, Texas is back in the house." Asia O'Hara
21%
"Is it me or is it hot in here?" Kimora Blac
14%
No matching quizzes found
Score Distribution
Percent of People with Each Score
Percentile by Number Answered
Your Score History
You have not taken this quiz